All Formula 1 podiums 1990–99 - Statistics

General Stats
  • This quiz has been taken 2,588 times
  • The average score is 23 of 36
Answer Stats
Podiums Name Nationality % Correct
37 Ayrton Senna Brazil
99%
26 Alain Prost France
97%
37 Mika Häkkinen Finland
96%
42 Damon Hill UK
95%
71 Michael Schumacher Germany
94%
21 Jacques Villeneuve Canada
93%
27 Nigel Mansell UK
92%
35 Gerhard Berger Austria
88%
6 Ralf Schumacher Germany
86%
30 David Coulthard UK
85%
2 Jos Verstappen Netherlands
82%
32 Jean Alesi France
79%
7 Nelson Piquet Brazil
79%
15 Heinz-Harald Frentzen Germany
76%
6 Rubens Barrichello Brazil
76%
24 Eddie Irvine UK
74%
20 Riccardo Patrese Italy
71%
5 Olivier Panis France
67%
5 Giancarlo Fisichella Italy
65%
2 Mika Salo Finland
65%
7 Johnny Herbert UK
62%
1 Jarno Trulli Italy
61%
3 Thierry Boutsen Belgium
59%
9 Martin Brundle UK
54%
1 Michael Andretti USA
53%
1 Alexander Wurz Austria
49%
1 JJ Lehto Finland
45%
1 Aguri Suzuki Japan
40%
3 Mark Blundell UK
38%
3 Alessandro Nannini Italy
36%
1 Ivan Capelli Italy
25%
1 Roberto Moreno Brazil
25%
1 Nicola Larini Italy
23%
1 Gianni Morbidelli Italy
21%
1 Stefano Modena Italy
15%
1 Éric Bernard France
13%
No matching quizzes found
Score Distribution
Percent of People with Each Score
Percentile by Number Answered
Your Score History
You have not taken this quiz